00494nam a2200205Ia 4500003000900000008004100009040001300050040001300063041000800076100002600084245003400110250001200144260001200156260000900168300001200177300001000189490002200199490000600221600006100227IT-RoPAU120407s9999 xx 000 0 und d aIT-RoPAU cIT-RoPAU aita aJean-Jacques Rousseau aOpere . A cura di Paolo Rossi aFirenze aSansoni c1972 a1429 p. c21 cm aLe voci del mondo v1 a"1 - Rossi Paolo 194 BNI 72- 6671"